000 00461nam a2200169Ia 4500
003 GCL
008 140319s9999 xx 000 0 ara d
040 _aGCL /
_cGCL
082 0 4 _a812.043
_bط ا
100 1 _aطارق الطيب
245 1 0 _aالاسانسير مسرحية بالعامية المصرية /
_cطارق الطيب
300 _a93 ص
490 _a
650 0 4 _aالادب العربى
650 0 4 _aالمسرحيات
942 _2ddc
_cBK
999 _c46578
_d46578